Report of the Reconstruction Finance Corporation, November 1939. Letter from the Chairman, Reconstruction Finance Corporation, transmitting a report of the Reconstruction Finance Corporation on the activities and expenditures for the month of November 1939 (report includes statement of loan and other authorization made during the month and statement of condition as of the close of business Nov. 30, 1939).

Bibliographic Details
Corporate Authors: United States. Congress. House. Committee on Banking and Currency, ProQuest (Firm), Reconstruction Finance Corporation
Format: Government Document eBook
Language:English
Published: Washington : [publisher not identified], 1940.
Series:United States congressional serial set.
Subjects:
Online Access:Connect to the full text of this electronic book

MARC

Tag First Indicator Second Indicator Subfields
LEADER 00000cam a22000001a 4500
001 in00002800713
005 20190331182036.0
006 m o d
007 cr bn mmmapmmp
008 091231s1940 dcud o f000 0 eng d
035 |a cis2004336415 
040 |a UMI  |c UMI  |d UtOrBLW 
043 |a n-us--- 
086 0 |a FL 5.8:939/11 
099 |a ProQuest Serial Set Number 10501 H.doc.544 
110 1 |a United States.  |b Congress.  |b House.  |b Committee on Banking and Currency. 
245 1 0 |a Report of the Reconstruction Finance Corporation, November 1939. Letter from the Chairman, Reconstruction Finance Corporation, transmitting a report of the Reconstruction Finance Corporation on the activities and expenditures for the month of November 1939 (report includes statement of loan and other authorization made during the month and statement of condition as of the close of business Nov. 30, 1939). 
246 1 |a Report of Reconstruction Finance Corporation, November 1939 
264 1 |a Washington :  |b [publisher not identified],  |c 1940. 
300 |a 1 online resource. 
336 |a text  |b txt  |2 rdacontent 
337 |a computer  |b c  |2 rdamedia 
338 |a online resource  |b cr  |2 rdacarrier 
490 0 |a H.doc.544 
500 |a Record is based on bibliographic data in ProQuest U.S. Serial Set Digital Collection (last viewed Dec. 2009). Reuse except for individual research requires license from ProQuest, LLC. 
510 3 |a ProQuest U.S. Serial Set Digital Collection 
500 |a Electronic resource. 
610 2 0 |a Reconstruction Finance Corporation. 
650 0 |a Finance. 
650 0 |a Loans. 
655 7 |a Electronic books.  |2 local 
710 2 |a ProQuest (Firm) 
710 2 |a Reconstruction Finance Corporation. 
830 0 |a United States congressional serial set. 
856 4 0 |u http://proxy.library.tamu.edu/login?url=http://congressional.proquest.com/congcomp/getdoc?SERIAL-SET-ID=10501+H.doc.544  |z Connect to the full text of this electronic book  |t 0 
999 |a MARS 
999 f f |s d19d3043-9d54-3831-b21f-be6fd6e2614d  |i 82aa352d-0234-3899-a2db-33d7c5218394  |t 0 
952 f f |a Texas A&M University  |b College Station  |c Electronic Resources  |d Available Online  |t 0  |e ProQuest Serial Set Number 10501 H.doc.544  |h Other scheme 
998 f f |a ProQuest Serial Set Number 10501 H.doc.544  |t 0  |l Available Online